Southville International School and Colleges
Your cart is empty.
  • Cart
  • Lists
    Public lists Eva Luna New books Lux_list list_1
    Your lists Log in to create your own lists
  • Log in to your account
  • Your cookies
  • Search history
Southville International School and Colleges
  • Advanced search
  • Recent comments
  • Most popular
  • Libraries

Log in to your account

Log in with GOOGLE


If you do not have an external account, but do have a local account, you can still log in:

  1. Home
  2. MARC view: I spy little wheels /
Normal view MARC view ISBD view

I spy little wheels / (Record no. 105122)

[ view plain ]
MARC details
000 -LEADER
fixed length control field 00420nam a2200157 a 4500
005 - DATE AND TIME OF LATEST TRANSACTION
control field 20140412111341.0
008 - FIXED-LENGTH DATA ELEMENTS--GENERAL INFORMATION
fixed length control field 031016s19uu xx 00 eng d
020 ## - INTERNATIONAL STANDARD BOOK NUMBER
International Standard Book Number 0-590-04706-X
050 ## - LIBRARY OF CONGRESS CALL NUMBER
Classification number ER
Item number Is1 1997
245 ## - TITLE STATEMENT
Title I spy little wheels /
Statement of responsibility, etc Rhymes by Jean Marzollo.
260 ## - PUBLICATION, DISTRIBUTION, ETC. (IMPRINT)
Place of publication, distribution, etc New York :
Name of publisher, distributor, etc Scholastic Inc,
Date of publication, distribution, etc 1997.
300 ## - PHYSICAL DESCRIPTION
Extent [25] p. ; ill.
650 ## - SUBJECT ADDED ENTRY--TOPICAL TERM
Topical term or geographic name as entry element Transportation
650 ## - SUBJECT ADDED ENTRY--TOPICAL TERM
Topical term or geographic name as entry element Rhymes
Holdings
Withdrawn status Lost status Damaged status Use restrictions Home library Current library Shelving location Date acquired Source of acquisition Cost, normal purchase price Total Checkouts Full call number Barcode Date last seen Price effective from Koha item type
        Elizalde Library Elizalde Library Easy Reading Section 10/16/2003   40.00   ER Is1 1997 E9451 04/12/2014 04/12/2014 Books

I spy little wheels /

APA

(1997). I spy little wheels. New York: Scholastic Inc.

Chicago

1997. I spy little wheels. New York: Scholastic Inc.

Harvard

(1997). I spy little wheels. New York: Scholastic Inc.

MLA

I spy little wheels. New York: Scholastic Inc. 1997.

  • Place hold
  • Print
  • Cite
  • Add to your cart (remove)
  • Save record
    BIBTEX Dublin Core MARCXML MARC (non-Unicode/MARC-8) MARC (Unicode/UTF-8) MARC (Unicode/UTF-8, Standard) MODS (XML) RIS
  • More searches
    Search for this title in:
    Other Libraries (WorldCat) Other Databases (Google Scholar) Online Stores (Bookfinder.com) Open Library (openlibrary.org)

Exporting to Dublin Core...

SOUTHVILLE LIBRARY

Southville International School and Colleges Library

1281 Tropical Ave. Cor. Luxembourg St., BF Homes International, Las Pinas City

Tel. No. 8256374 / 252358 Loc. 117/146

Powered by Koha